00474nam a2200193 a 4500001001300000003000900013005001700022008004100039020001100080082001700091100001500108245002800123260004900151300000800200500003500208505001000243650001200253700001500265nice12345678IN_TiNIC20260116011941.0050524s1958 mada grp 000 0 eng  ac73.500a231.044bMAY aMay, Peter aDoctrine of the Trinity aMadras bChristian Literature Society c1958 a97p aincludes index and biblioraphy2 aIndex aTrinity1 aMay, Peter